000 01138nam a2200265 u 4500
001 000003193
003 DO-SdBNP
005 20220408091206.0
007 ta
008 090707s2002 dr ac r 001 0 spa d
040 _aDO-SdBNP
_bspa
_cBNPHU
082 4 _a338.97293697
_bD441e
_222
245 1 3 _aEl desarrollo económico local y la competitividad sistémica en la provincia de la Vega :
_bavances del proceso de planificación /
_cedición, Hernán Aristizábal ; Enrique de León
260 _aLa Vega :
_bAgencia de Desarrollo Económico Local de la Vega,
_c2002.
300 _a156 p. :
_bil.; fots;
_c22 cm.
500 _a Proyecto de descentralización y desarrollo local ONAPLAN-GTZ.
500 _aProyecto de fomento a pequeña y mediana empresa.
590 _aInventariado 2022/SA
650 4 _962264
_aPlanificación Económica
_zLa Vega
_zRepública Dominicana
650 4 _933296
_aDesarrollo económico
651 4 _aLa Vega, República Dominicana
_981309
_xCondiciones económicas
651 4 _aRepublica Dominicana, La Vega
_xPolítica económica
_981416
910 _aValidado. Control de calidad MFF
942 _2ddc
_cLBS1
999 _c3024
_d3024